| 000 | 00846nam a22002537a 4500 | ||
|---|---|---|---|
| 003 | URS | ||
| 005 | 20251002083327.0 | ||
| 008 | 250826b |||||||| |||| 00| 0 eng d | ||
| 020 | _a978-0-323-93625-5 | ||
| 040 |
_erda _cURS _bEnglish |
||
| 050 | 1 | 0 |
_aRT49 _b.Ig5 2025 |
| 100 |
_aIgnatavicius, Donna D., _eauthor. _91331 |
||
| 245 | 0 | 0 |
_aAlfaro's clinical judgment in nursing : _ba how to practice approach / _cDonna D. Ignatavicius and Susan Andersen. |
| 250 | _aeighth edition. | ||
| 264 |
_aSt. Louis, Missouri : _bElsevier, _c©2025. |
||
| 300 |
_a267 pages : _bcolor illustrations ; _c28 cm. |
||
| 336 |
_atext _btxt _2rdacontent |
||
| 337 |
_aunmediated _bn _2rdamedia |
||
| 338 |
_avolume _bnc _2rdacarrier |
||
| 500 | _aIncludes index. | ||
| 650 | 0 |
_aClinical nursing. _96414 |
|
| 700 |
_aAndersen, Susan, _eauthor. _96415 |
||
| 942 |
_2lcc _cR |
||
| 999 |
_c84504 _d84502 |
||